Cricketer or Cricket? - Statistics

General Stats
  • This quiz has been taken 56 times
  • The average score is 9 of 10
Answer Stats
Question Answer % Correct
Sachin Tendulkar cricket player
100%
Rahul Dravid cricket player
100%
Mark Boucher cricket player
100%
Gryllomorpha Dalmatina cricket species
100%
Cacoplistes Brunnerianus cricket species
100%
Shane Warne cricket player
86%
Muttiah Muralitharan cricket player
86%
Ornebius Karkalo cricket species
86%
Eugryllodes Cruciger cricket species
86%
Ovaliptila Beroni cricket species
71%
No matching quizzes found
Score Distribution
Percent of People with Each Score
Percentile by Number Answered
Your Score History
You have not taken this quiz